000 00287nam a2200109Ia 4500
001 1261051
005 20260417140344.0
008 260417s9999 xx 000 0 und d
020 _a9789752896338
245 0 _aKısa Ömürlü Açelyalar
_cMüge İplikçi
260 _bEverest Yayınları
999 _c1261051
_d1261051